[Event "Carvalho Memorial op 9th"]
[Site "Juazeiro do Norte"]
[Date "2014.09.21"]
[Round "6"]
[White "Schade, Denise Patricia Oli"]
[Black "Lemos, Anderson Willian Pe"]
[Result "0-1"]
[WhiteElo "1737"]
[BlackElo "1791"]
[PlyCount "62"]
[EventDate "2014.09.19"]
[EventType "swiss"]
[EventRounds "6"]
[EventCountry "BRA"]
[SourceTitle "CBM 162 Extra"]
[Source "ChessBase"]
[SourceDate "2014.10.17"]
[SourceVersion "1"]
[SourceVersionDate "2014.10.17"]
[SourceQuality "1"]

1. e4 e5 2. Nf3 Nc6 3. d3 Bc5 4. Nc3 Nf6 5. h3 h6 6. a3 d6 7. Be2 0-0 8. 0-0 Be6 9. Bd2 Nd7 10. Qc1 Ne7 11. Bxh6 gxh6 12. Qxh6 f6 13. Nxe5 dxe5 14. Bh5 Bf7 15. Nd5 Nxd5 16. exd5 Bxh5 17. Qxh5 Rf7 18. Qg4+ Rg7 19. Qe6+ Kh8 20. Rad1 Qf8 21. Qf5 Qg8 22. g4 Rg5 23. Qxd7 f5 24. Rfe1 Rxg4+ 25. hxg4 Qxg4+ 26. Kf1 Rg8 27. Qxf5 Qxf5 28. d4 Bxd4 29. Rxd4 exd4 30. c4 d3 31. c5 Qh3# 0-1

[Event "Carvalho Memorial op 9th"]
[Site "Juazeiro do Norte"]
[Date "2014.09.19"]
[Round "1"]
[White "Perdomo, Leandro Daniel"]
[Black "Lemos, Anderson Willian Pe"]
[Result "1-0"]
[WhiteElo "2414"]
[BlackElo "1791"]
[PlyCount "75"]
[EventDate "2014.09.19"]
[EventType "swiss"]
[EventRounds "6"]
[EventCountry "BRA"]
[SourceTitle "CBM 162 Extra"]
[Source "ChessBase"]
[SourceDate "2014.10.17"]
[SourceVersion "1"]
[SourceVersionDate "2014.10.17"]
[SourceQuality "1"]

1. d4 Nf6 2. c4 e6 3. Nc3 d5 4. Bg5 Be7 5. e3 0-0 6. Nf3 Nbd7 7. Qc2 b6 8. cxd5 exd5 9. Bd3 h6 10. Bh4 c6 11. 0-0 Bb7 12. Rad1 Rc8 13. Bf5 Ra8 14. Rfe1 b5 15. Ne5 Nxe5 16. dxe5 Nd7 17. Bxe7 Qxe7 18. Bxd7 Qxd7 19. Ne4 Qe7 20. Nc5 Bc8 21. Nd3 Bd7 22. Qc5 Qe6 23. Qd4 f5 24. Rc1 a5 25. Rc2 Rfc8 26. Rec1 Rab8 27. Kf1 Be8 28. Nf4 Qd7 29. f3 g5 30. Nd3 Qf7 31. Rc5 Bd7 32. R5c2 h5 33. h4 Qg6 34. hxg5 Qxg5 35. Nf4 Qh4 36. Nxd5 Qxd4 37. Nf6+ Kf7 38. exd4 1-0

[Event "Fortaleza Alves memorial 17th"]
[Site "Fortaleza"]
[Date "2013.05.19"]
[Round "5"]
[White "Lemos, Anderson Willian Pe"]
[Black "Assuncao, Jose Ribamar da Cos"]
[Result "0-1"]
[WhiteElo "1834"]
[BlackElo "1680"]
[PlyCount "120"]
[EventDate "2013.05.17"]
[EventType "swiss"]
[EventRounds "6"]
[EventCountry "BRA"]
[SourceTitle "CBM 154 Extra"]
[Source "ChessBase"]
[SourceDate "2013.06.25"]
[SourceVersion "2"]
[SourceVersionDate "2013.06.25"]
[SourceQuality "1"]

1. e4 c5 2. Nf3 d6 3. d4 cxd4 4. Nxd4 Nf6 5. Nc3 a6 6. Be2 e5 7. Nb3 Be7 8. 0-0 b5 9. a3 Bb7 10. Nd2 Nbd7 11. b4 d5 12. exd5 Nxd5 13. Nxd5 Bxd5 14. c4 bxc4 15. Nxc4 Be6 16. Bb2 Bf6 17. Nd6+ Kf8 18. Rc1 Qb6 19. Kh1 g6 20. Qd2 Kg7 21. f4 Rad8 22. Nc4 Qb8 23. Qe3 exf4 24. Bxf6+ Nxf6 25. Rxf4 Rhe8 26. Qf2 Nd5 27. Rd4 Kg8 28. Na5 Ne7 29. Rcd1 Rxd4 30. Qxd4 Nf5 31. Qc3 Qb6 32. Qd3 Ne3 33. Rc1 Rd8 34. Qxa6 Qd4 35. Nc6 Qd2 36. Rg1 Rd6 37. Bf3 Kg7 38. Qb5 Bd5 39. Bxd5 Rxd5 40. Qb6 Rf5 41. Qd4+ Qxd4 42. Nxd4 Rf2 43. a4 Rd2 44. Nf3 Rb2 45. Re1 Nc2 46. Re4 Nxb4 47. h3 Na6 48. Re5 Rb4 49. Ra5 Nc7 50. Ne5 Rf4 51. Ra7 Ne6 52. a5 Nc5 53. Rc7 Na6 54. Rc6 Nb4 55. Rb6 Nd5 56. Rb7 Rf5 57. Nc6 Nf6 58. a6 Rf1+ 59. Kh2 Ra1 60. a7 Nd5 0-1

[Event "Fortaleza Alves memorial 17th"]
[Site "Fortaleza"]
[Date "2013.05.17"]
[Round "2"]
[White "Born, Ary"]
[Black "Lemos, Anderson Willian Pe"]
[Result "1/2-1/2"]
[WhiteElo "1471"]
[BlackElo "1834"]
[PlyCount "83"]
[EventDate "2013.05.17"]
[EventType "swiss"]
[EventRounds "6"]
[EventCountry "BRA"]
[SourceTitle "CBM 154 Extra"]
[Source "ChessBase"]
[SourceDate "2013.06.25"]
[SourceVersion "2"]
[SourceVersionDate "2013.06.25"]
[SourceQuality "1"]

1. e4 e5 2. Nc3 Nf6 3. Bc4 c6 4. Qf3 d6 5. Nge2 Bg4 6. Qe3 Nbd7 7. 0-0 Be6 8. Bxe6 fxe6 9. d4 Be7 10. f4 exf4 11. Nxf4 Nf8 12. Rf3 e5 13. dxe5 dxe5 14. Nd3 Ng6 15. Qe2 0-0 16. Kh1 Qd7 17. Be3 Ng4 18. Bc5 Rxf3 19. gxf3 Nf6 20. Rd1 Qe6 21. Bf2 b6 22. b3 Rd8 23. a4 Nh5 24. Qf1 Nhf4 25. Ne1 Rxd1 26. Nxd1 Qh3 27. Ng2 Qxf3 28. Nde3 Bc5 29. Qd1 Qxf2 30. Qf1 Bxe3 31. Qxf2 Bxf2 32. Nxf4 Nxf4 33. c4 Nd3 34. Kg2 Kf7 35. Kf3 Bc5 36. h4 Nc1 37. Kg4 Nxb3 38. Kf5 Bd4 39. h5 Nd2 40. Kg5 Nxe4+ 41. Kf5 Nd6+ 42. Kg5 1/2-1/2

[Event "Cearense-ch 54th sf"]
[Site "Fortaleza"]
[Date "2012.12.09"]
[Round "6.5"]
[White "Amorim, Marcio Felipe De Me"]
[Black "Lemos, Anderson Willian Pe"]
[Result "1-0"]
[WhiteElo "2036"]
[BlackElo "1838"]
[PlyCount "85"]
[EventDate "2012.12.07"]
[EventType "swiss"]
[EventRounds "6"]
[EventCountry "BRA"]
[SourceTitle "EXT 2022"]
[Source "ChessBase"]
[SourceDate "2021.10.06"]
[SourceVersion "1"]
[SourceVersionDate "2021.10.06"]
[SourceQuality "1"]

1. d4 Nf6 2. Nf3 d5 3. Bg5 e6 4. Nbd2 Be7 5. Bxf6 Bxf6 6. e4 Nc6 7. e5 Be7 8. c3 f6 9. Bb5 Bd7 10. 0-0 0-0 11. Bd3 Be8 12. Qc2 h6 13. Rfe1 Bh5 14. exf6 Rxf6 15. Re3 Bd6 16. Rae1 Qd7 17. b4 Bf4 18. R3e2 Bxd2 19. Qxd2 Bxf3 20. gxf3 Re8 21. b5 Nd8 22. f4 e5 23. f3 e4 24. fxe4 Qg4+ 25. Rg2 Qxf4 26. e5 Qxd2 27. Rxd2 Rf4 28. Kg2 Ne6 29. Kg3 Ref8 30. Re3 h5 31. h3 h4+ 32. Kg2 Ng5 33. e6 Ne4 34. Bxe4 dxe4 35. c4 R8f6 36. d5 Kf8 37. Rde2 Ke7 38. Rxe4 Rxe4 39. Rxe4 Rf8 40. a4 Rd8 41. Re5 Kf6 42. e7 Re8 43. d6 1-0

[Event "Cearense-ch 54th sf"]
[Site "Fortaleza"]
[Date "2012.12.09"]
[Round "5.3"]
[White "Lemos, Anderson Willian Pe"]
[Black "Lennon, Aleister Edward Ale"]
[Result "0-1"]
[WhiteElo "1838"]
[BlackElo "1998"]
[PlyCount "76"]
[EventDate "2012.12.07"]
[EventType "swiss"]
[EventRounds "6"]
[EventCountry "BRA"]
[SourceTitle "EXT 2022"]
[Source "ChessBase"]
[SourceDate "2021.10.06"]
[SourceVersion "1"]
[SourceVersionDate "2021.10.06"]
[SourceQuality "1"]

1. e4 c5 2. c3 Nf6 3. e5 Nd5 4. Nf3 Nc6 5. Bc4 Nb6 6. Bb3 c4 7. Bc2 Qc7 8. Qe2 e6 9. 0-0 d6 10. Re1 Bd7 11. d4 cxd3 12. Bxd3 dxe5 13. Nxe5 Nxe5 14. Qxe5 Qxe5 15. Rxe5 Nd5 16. Nd2 Bc6 17. Nb3 0-0-0 18. Nd4 Bd6 19. Re1 Kc7 20. Bg5 Be7 21. Bxe7 Nxe7 22. Nxc6 Nxc6 23. Rad1 Rd6 24. Bc2 Rhd8 25. Rxd6 Rxd6 26. Rd1 Ne5 27. b3 Rxd1+ 28. Bxd1 Kd6 29. Be2 a5 30. f3 Kc5 31. Kf2 b5 32. a3 b4 33. cxb4+ axb4 34. a4 Kd4 35. f4 Nc6 36. Kf3 Na5 37. Bd1 Kd3 38. Be2+ Kc3 0-1

[Event "BRA-ch sf-B"]
[Site "Fortaleza"]
[Date "2012.11.01"]
[Round "2"]
[White "Lemos, Anderson Willian Pe"]
[Black "Rocha, Alan dos Santos"]
[Result "1/2-1/2"]
[WhiteElo "1838"]
[BlackElo "1800"]
[PlyCount "108"]
[EventDate "2012.11.01"]
[EventType "swiss"]
[EventRounds "8"]
[EventCountry "BRA"]
[SourceTitle "EXT 2013"]
[Source "ChessBase"]
[SourceDate "2012.11.22"]
[SourceVersion "1"]
[SourceVersionDate "2012.11.22"]
[SourceQuality "1"]

1. e4 e5 2. Nf3 d6 3. Bc4 Be7 4. Nc3 Nf6 5. d3 0-0 6. 0-0 Nc6 7. a3 a6 8. Ne2 Bg4 9. Ne1 Nd4 10. f3 Be6 11. Nxd4 exd4 12. Bf4 Nh5 13. Bd2 c5 14. c3 Bf6 15. Bb3 b5 16. f4 g6 17. f5 Bxb3 18. Qxb3 Bg5 19. Qc2 Bxd2 20. Qxd2 d5 21. e5 dxc3 22. bxc3 d4 23. f6 dxc3 24. Qxc3 Qd4+ 25. Qxd4 cxd4 26. g4 Ng7 27. fxg7 Kxg7 28. Rc1 Rac8 29. Nf3 Rc3 30. Rxc3 dxc3 31. Rc1 Rc8 32. Kf2 a5 33. Ke3 b4 34. axb4 axb4 35. Nd4 Rb8 36. Nb3 Ra8 37. Ra1 Rc8 38. d4 Re8 39. Ra5 f5 40. gxf5 gxf5 41. Kf4 Rf8 42. e6 Re8 43. Kxf5 Rf8+ 44. Kg4 Rf2 45. Rf5 Rxh2 46. e7 Re2 47. Re5 Rxe5 48. dxe5 Kf7 49. Nd4 Kxe7 50. Nc6+ Ke6 51. Kf4 Kf7 52. Nxb4 Ke6 53. Nd3 h5 54. Kg5 c2 1/2-1/2

[Event "Carvalho Memorial op"]
[Site "Juazeiro do Norte"]
[Date "2012.10.13"]
[Round "3"]
[White "Da Costa, Jose Nilson Oliveir"]
[Black "Lemos, Anderson Willian Pe"]
[Result "1-0"]
[WhiteElo "1844"]
[BlackElo "1862"]
[PlyCount "81"]
[EventDate "2012.10.12"]
[EventType "swiss"]
[EventRounds "6"]
[EventCountry "BRA"]
[SourceTitle "EXT 2013"]
[Source "ChessBase"]
[SourceDate "2012.11.22"]
[SourceVersion "1"]
[SourceVersionDate "2012.11.22"]
[SourceQuality "1"]

1. e4 e5 2. Nf3 Nc6 3. Bb5 a6 4. Ba4 d6 5. c3 Bd7 6. d4 exd4 7. cxd4 Nf6 8. 0-0 Be7 9. Nc3 0-0 10. h3 h6 11. e5 dxe5 12. dxe5 Nh7 13. Qd3 b5 14. Bc2 f5 15. Bb3+ Kh8 16. Rd1 Be8 17. Qe2 Qc8 18. Nd5 Bh5 19. Nf4 Bf7 20. e6 Be8 21. Qc2 Nb4 22. Qc3 Nf6 23. Ne5 Kh7 24. a3 Ne4 25. Qf3 Nc6 26. Nd7 Bxd7 27. exd7 Qb8 28. Bd5 Ne5 29. Qe2 c6 30. Bxe4 fxe4 31. Qxe4+ Kg8 32. Ne6 Bf6 33. Nxf8 Kxf8 34. Bf4 Qc7 35. Bxe5 Bxe5 36. d8Q+ Rxd8 37. Rxd8+ Qxd8 38. Qxe5 Qd7 39. Re1 Kf7 40. Re3 Kg8 41. Qe8+ 1-0

[Event "Carvalho Memorial op"]
[Site "Juazeiro do Norte"]
[Date "2012.10.13"]
[Round "4"]
[White "Ferreira, Francisco Jr"]
[Black "Lemos, Anderson Willian Pe"]
[Result "0-1"]
[WhiteElo "1795"]
[BlackElo "1862"]
[PlyCount "60"]
[EventDate "2012.10.12"]
[EventType "swiss"]
[EventRounds "6"]
[EventCountry "BRA"]
[SourceTitle "EXT 2013"]
[Source "ChessBase"]
[SourceDate "2012.11.22"]
[SourceVersion "1"]
[SourceVersionDate "2012.11.22"]
[SourceQuality "1"]

1. e4 e5 2. d4 exd4 3. Qxd4 Nc6 4. Qe3 d6 5. Nc3 Nf6 6. Bd2 Be7 7. 0-0-0 0-0 8. a3 Ne5 9. f4 Ned7 10. Bd3 Nc5 11. Be2 c6 12. f5 Qc7 13. Qg3 Nfxe4 14. Qf4 Bg5 15. Qg4 Bxd2+ 16. Rxd2 Nxd2 17. Kxd2 Qd7 18. b4 Na6 19. Bd3 Nc7 20. h4 Re8 21. Qh5 Qe7 22. Be4 Qf6 23. g4 Qd4+ 24. Kc1 Qxc3 25. Ne2 Qe3+ 26. Kb2 Qxe4 27. Nc3 Qxh1 28. Qg5 Qe1 29. f6 Ne6 30. Qf5 Qe5 0-1

[Event "Fortaleza Brazil op 2nd"]
[Site "Fortaleza"]
[Date "2012.04.06"]
[Round "3"]
[White "Lemos, Anderson Willian Pe"]
[Black "Araujo, Felipe Fernandes"]
[Result "0-1"]
[WhiteElo "1941"]
[BlackElo "2269"]
[PlyCount "70"]
[EventDate "2012.04.05"]
[EventType "swiss"]
[EventRounds "7"]
[EventCountry "BRA"]
[SourceTitle "CBM 147 Extra"]
[Source "ChessBase"]
[SourceDate "2012.04.24"]
[SourceVersion "1"]
[SourceVersionDate "2012.04.24"]
[SourceQuality "1"]

1. e4 c5 2. Nc3 d6 3. Nf3 Nf6 4. d4 cxd4 5. Nxd4 a6 6. Be2 e6 7. 0-0 Be7 8. Be3 0-0 9. f3 Nc6 10. Nb3 b5 11. a4 b4 12. Na2 d5 13. exd5 Nxd5 14. Bf2 Na5 15. Nac1 Nxb3 16. cxb3 Nf4 17. Bc4 Bb7 18. Nd3 Nxd3 19. Bxd3 Bf6 20. Rb1 Qa5 21. Qe2 Bd5 22. Bc4 Bxc4 23. Qxc4 Rfc8 24. Qe4 Qc7 25. Bd4 Bxd4+ 26. Qxd4 a5 27. Rfd1 Qe7 28. Qe3 h6 29. Rdc1 Qf6 30. Qd2 Rd8 31. Qe2 Qg5 32. Qc2 Qe3+ 33. Qf2 Qxf2+ 34. Kxf2 Rd2+ 35. Kg3 Rad8 0-1

[Event "Fortaleza Brazil op 2nd"]
[Site "Fortaleza"]
[Date "2012.04.06"]
[Round "2"]
[White "Mendonca, Mateus Nakajo"]
[Black "Lemos, Anderson Willian Pe"]
[Result "1-0"]
[WhiteElo "2216"]
[BlackElo "1941"]
[PlyCount "24"]
[EventDate "2012.04.05"]
[EventType "swiss"]
[EventRounds "7"]
[EventCountry "BRA"]
[SourceTitle "CBM 147 Extra"]
[Source "ChessBase"]
[SourceDate "2012.04.24"]
[SourceVersion "1"]
[SourceVersionDate "2012.04.24"]
[SourceQuality "1"]

1. Nf3 Nc6 2. e4 e5 3. Bb5 a6 4. Ba4 Nf6 5. 0-0 d6 6. Re1 Bg4 7. c3 Be7 8. d3 0-0 9. Nbd2 b5 10. Bb3 Na5 11. Bc2 c6 12. Nf1 h6 1-0

[Event "Carvalho Memorial op"]
[Site "Juazeiro do Norte"]
[Date "2011.10.14"]
[Round "1.5"]
[White "Lemos, Anderson Willian Pe"]
[Black "Ribeiro, Matheus Cavalcante"]
[Result "1-0"]
[WhiteElo "1809"]
[BlackElo "2130"]
[PlyCount "67"]
[EventDate "2011.10.14"]
[EventType "swiss"]
[EventRounds "6"]
[EventCountry "BRA"]
[SourceTitle "EXT 2012"]
[Source "ChessBase"]
[SourceDate "2011.11.24"]
[SourceVersion "1"]
[SourceVersionDate "2011.11.24"]
[SourceQuality "1"]

1. e4 e5 2. Nf3 Nc6 3. Bb5 a6 4. Ba4 Nf6 5. 0-0 Be7 6. Re1 b5 7. Bb3 0-0 8. c3 d5 9. exd5 Nxd5 10. Nxe5 Nxe5 11. Rxe5 Nf6 12. d4 Bd6 13. Re1 Ng4 14. g3 Nxh2 15. Bd5 Rb8 16. Kxh2 Qh4+ 17. Kg2 Qh3+ 18. Kg1 Bxg3 19. fxg3 Qxg3+ 20. Bg2 Bg4 21. Qd2 Rbe8 22. Kf1 f5 23. Qf2 Qd3+ 24. Kg1 Rxe1+ 25. Qxe1 Bh5 26. Bf4 Bf3 27. Qd2 Qe4 28. Bxf3 Qxf3 29. Qe3 Qg4+ 30. Kf2 Qh5 31. Nd2 g5 32. Qe6+ Rf7 33. Qe8+ Kg7 34. Be5+ 1-0